[Event "Kalyan op 2nd"]
[Site "Kalyan"]
[Date "2019.01.30"]
[Round "3"]
[White "Agarwal, Shyam"]
[Black "Vijay, Anand M"]
[Result "0-1"]
[WhiteElo "1409"]
[BlackElo "1841"]
[PlyCount "46"]
[EventDate "2019.01.29"]
[EventType "swiss"]
[EventRounds "10"]
[EventCountry "IND"]
[SourceTitle "CBM 188 Extra"]
[Source "ChessBase"]
[SourceDate "2019.02.28"]
[SourceVersion "1"]
[SourceVersionDate "2019.02.28"]
[SourceQuality "1"]

1. e4 c5 2. Nf3 g6 3. d4 cxd4 4. Nxd4 Bg7 5. Nc3 Nc6 6. Be3 Nf6 7. Be2 0-0 8. 0-0 d5 9. exd5 Nb4 10. Qd2 Nbxd5 11. Nxd5 Nxd5 12. Bh6 Bxh6 13. Qxh6 Qb6 14. Nb3 Bf5 15. c3 e5 16. Qh4 Nf4 17. Bf3 Rfe8 18. Rfe1 a5 19. Be4 Bxe4 20. Rxe4 a4 21. Nd2 Qxb2 22. Rd1 Qc2 23. Ree1 Rad8 0-1